<?xml version="1.0" encoding="UTF-8"?>
<collection xmlns="http://www.loc.gov/MARC21/slim">
<record>
  <controlfield tag="001">151724</controlfield>
  <controlfield tag="005">20251017144649.0</controlfield>
  <datafield tag="024" ind1="7" ind2=" ">
    <subfield code="2">doi</subfield>
    <subfield code="a">10.3390/foods14040704</subfield>
  </datafield>
  <datafield tag="024" ind1="8" ind2=" ">
    <subfield code="2">sideral</subfield>
    <subfield code="a">143256</subfield>
  </datafield>
  <datafield tag="037" ind1=" " ind2=" ">
    <subfield code="a">ART-2025-143256</subfield>
  </datafield>
  <datafield tag="041" ind1=" " ind2=" ">
    <subfield code="a">eng</subfield>
  </datafield>
  <datafield tag="100" ind1=" " ind2=" ">
    <subfield code="a">Arruda-Peixoto, Vanilda Aparecida Soares de</subfield>
  </datafield>
  <datafield tag="245" ind1=" " ind2=" ">
    <subfield code="a">Promoting Circular Economy by Leveraging Annatto Byproducts from Bixa orellana L. into Sustainable Antioxidant Food Packaging</subfield>
  </datafield>
  <datafield tag="260" ind1=" " ind2=" ">
    <subfield code="c">2025</subfield>
  </datafield>
  <datafield tag="506" ind1="0" ind2=" ">
    <subfield code="a">Access copy available to the general public</subfield>
    <subfield code="f">Unrestricted</subfield>
  </datafield>
  <datafield tag="520" ind1="3" ind2=" ">
    <subfield code="a">Annatto (Bixa orellana L.) is cultivated primarily for the extraction of bixin, a natural dye with substantial industrial importance, resulting in the generation of large quantities of residues that remain underutilized. This study provides the first in-depth characterization of annatto byproducts derived through molecular distillation, highlighting their untapped potential for sustainable innovation. Employing state-of-the-art techniques—HS-SPME-GC-MS for volatile compounds and UPLC-MS/QTOF for non-volatile ones—the research identified a remarkable array of bioactive constituents. Over thirty pharmacologically significant compounds were unveiled, many appearing for the first time in annatto byproducts. Notable discoveries include diterpenoid alcohols, oleamide, δ-tocotrienol, n-alkanes, fatty acid methyl esters, and springene among the volatiles. Among the non-volatiles, groundbreaking identifications such as dihydroactinidiolide, dihydrochalcone, 3-phenyl propiofenone, novel tetracosan amides, halisphingosine A, kauranetriols, and phytoene derivatives redefine the chemical profile of this residue. Further amplifying the value of these findings, the study successfully transformed these byproducts into innovative antioxidant packaging materials, demonstrating their high potential for food preservation and sustainable applications. The packaging films, developed from samples devoid of vegetable oil, exhibited robust antioxidant properties, offering a compelling solution to extend shelf life and reduce spoilage. This work underscores the importance of revalorizing agricultural residues like annatto byproducts, turning waste into high-value resources that align with the principles of the circular economy.</subfield>
  </datafield>
  <datafield tag="536" ind1=" " ind2=" ">
    <subfield code="9">info:eu-repo/grantAgreement/ES/DGA/T53-23R</subfield>
    <subfield code="9">info:eu-repo/grantAgreement/ES/MCIN/RYC2021-034150-I</subfield>
    <subfield code="9">info:eu-repo/grantAgreement/ES/NextGenerationEU/PRTR</subfield>
  </datafield>
  <datafield tag="540" ind1=" " ind2=" ">
    <subfield code="9">info:eu-repo/semantics/openAccess</subfield>
    <subfield code="a">by</subfield>
    <subfield code="u">https://creativecommons.org/licenses/by/4.0/deed.es</subfield>
  </datafield>
  <datafield tag="655" ind1=" " ind2="4">
    <subfield code="a">info:eu-repo/semantics/article</subfield>
    <subfield code="v">info:eu-repo/semantics/publishedVersion</subfield>
  </datafield>
  <datafield tag="700" ind1=" " ind2=" ">
    <subfield code="a">Vera Estacho, Paula</subfield>
    <subfield code="u">Universidad de Zaragoza</subfield>
    <subfield code="0">(orcid)0000-0002-8765-4319</subfield>
  </datafield>
  <datafield tag="700" ind1=" " ind2=" ">
    <subfield code="a">Wrona, Magdalena</subfield>
  </datafield>
  <datafield tag="700" ind1=" " ind2=" ">
    <subfield code="a">Nogueira Carvalho, Paulo Roberto</subfield>
  </datafield>
  <datafield tag="700" ind1=" " ind2=" ">
    <subfield code="a">Aparecida Ferrari, Roseli</subfield>
  </datafield>
  <datafield tag="700" ind1=" " ind2=" ">
    <subfield code="a">Nerin, Cristina</subfield>
    <subfield code="u">Universidad de Zaragoza</subfield>
    <subfield code="0">(orcid)0000-0003-2685-5739</subfield>
  </datafield>
  <datafield tag="700" ind1=" " ind2=" ">
    <subfield code="a">Canellas, Elena</subfield>
    <subfield code="u">Universidad de Zaragoza</subfield>
    <subfield code="0">(orcid)0000-0003-2638-9221</subfield>
  </datafield>
  <datafield tag="710" ind1="2" ind2=" ">
    <subfield code="1">2009</subfield>
    <subfield code="2">750</subfield>
    <subfield code="a">Universidad de Zaragoza</subfield>
    <subfield code="b">Dpto. Química Analítica</subfield>
    <subfield code="c">Área Química Analítica</subfield>
  </datafield>
  <datafield tag="773" ind1=" " ind2=" ">
    <subfield code="g">14, 4 (2025), 704 [19 pp.]</subfield>
    <subfield code="p">Foods</subfield>
    <subfield code="t">Foods</subfield>
    <subfield code="x">2304-8158</subfield>
  </datafield>
  <datafield tag="856" ind1="4" ind2=" ">
    <subfield code="s">623206</subfield>
    <subfield code="u">http://zaguan.unizar.es/record/151724/files/texto_completo.pdf</subfield>
    <subfield code="y">Versión publicada</subfield>
  </datafield>
  <datafield tag="856" ind1="4" ind2=" ">
    <subfield code="s">2711658</subfield>
    <subfield code="u">http://zaguan.unizar.es/record/151724/files/texto_completo.jpg?subformat=icon</subfield>
    <subfield code="x">icon</subfield>
    <subfield code="y">Versión publicada</subfield>
  </datafield>
  <datafield tag="909" ind1="C" ind2="O">
    <subfield code="o">oai:zaguan.unizar.es:151724</subfield>
    <subfield code="p">articulos</subfield>
    <subfield code="p">driver</subfield>
  </datafield>
  <datafield tag="951" ind1=" " ind2=" ">
    <subfield code="a">2025-10-17-14:35:36</subfield>
  </datafield>
  <datafield tag="980" ind1=" " ind2=" ">
    <subfield code="a">ARTICLE</subfield>
  </datafield>
</record>
</collection>